| 000 | 00706nam a22001937a 4500 | ||
|---|---|---|---|
| 005 | 20100812145736.0 | ||
| 010 | _aENG-100088 | ||
| 020 |
_a9788190909259 _c80.00 |
||
| 035 | _aEN-83620 | ||
| 037 | _bDBAD/PUB | ||
| 082 | _a881.08 | ||
| 100 |
_aAnitha, G. _911901 |
||
| 245 |
_aA heap of broken images in T. S. eliots the waste land / _cby G. Anitha |
||
| 260 |
_aChennai _bDuvaraga Publication _c2009 |
||
| 270 |
_a1, Valli Street, Karthikeyan Nagar, Maduravayal _bChennai _e95 |
||
| 300 |
_a141p. _c20cm (pbk) |
||
| 942 |
_2ddc _cEN _h881.08 _mANI |
||
| 999 |
_c41406 _d41406 |
||